Psicoterapias Breves /

Gespeichert in:
Bibliographische Detailangaben
1. Verfasser: Small, Leonard (autor)
Format: Buch
Sprache:Spanisch
Schlagworte:
Tags: Tag hinzufügen
Keine Tags, Fügen Sie das erste Tag hinzu!

MARC

LEADER 00000nam^a2200000^a^4500
001 000072644
005 20250521000000.0
009 20260526120529.696
037 |a Acervo ITESO - Biblioteca 
041 |a ESP 
082 |a 157. 9  |b SMA 
100 |a Small, Leonard  |e (autor) 
245 1 0 |a Psicoterapias Breves /  |c L. Small ; tr. por Oscar Mustera. 
264 |a Buenos Aires, Argentina :  |b Granica,  |c 1972 
300 |a 297 p. 
336 |a texto  |b txt  |2 rdacontenido 
337 |a sin mediación  |b n  |2 rdamedio 
338 |a volumen  |b nc  |2 rdasoporte 
500 |a Traducción de: The Briefer Psychotherapies 
649 |a XX 
650 |a Psicología Clínica 
650 |a Psicología Clínica 
650 |a Psicoterapia Breve 
910 |a Fondo Armando Suárez Gómez 
920 |a Impresos - Libros 
930 |a Fondos Especiales 
905 |a 111 
901 |a 0700002946  |b IT2  |c ESP  |u 20250521 
902 |a https://opac.biblio.iteso.mx/vufind/Record/000072644